Mechanical refrigeration : (Record no. 545893)
[ view plain ]
| 000 -LEADER | |
|---|---|
| fixed length control field | 00606nam a22001571a 4500 |
| 082 ## - DEWEY DECIMAL CLASSIFICATION NUMBER | |
| Classification number | 621.57 |
| Author Mark | WIL |
| -- | L-8, P-8 |
| 100 1# - MAIN ENTRY--PERSONAL NAME | |
| Personal name | Williams, Hal. |
| 9 (RLIN) | 41877 |
| 245 10 - TITLE STATEMENT | |
| Title | Mechanical refrigeration : |
| Remainder of title | being a practical introduction to the study of cold storage, ice-making, and other purposes to which refrigeration is applied / |
| Statement of responsibility, etc. | H. Williams. |
| 250 ## - EDITION STATEMENT | |
| Edition statement | 5th ed. |
| 260 ## - PUBLICATION, DISTRIBUTION, ETC. | |
| Place of publication, distribution, etc. | London : |
| Name of publisher, distributor, etc. | Pitman, |
| Date of publication, distribution, etc. | 1941. |
| 300 ## - PHYSICAL DESCRIPTION | |
| Extent | 564 p. : |
| Other physical details | ill., diagrs., tables ; |
| Dimensions | 22 cm. |
| 526 ## - STUDY PROGRAM INFORMATION NOTE | |
| Program name | 0 |
| Interest level | 0 |
| Reading level | 0 |
| Title point value | 621_570000000000000_WIL |
| 650 #0 - SUBJECT ADDED ENTRY--TOPICAL TERM | |
| Topical term or geographic name entry element | MCE |
| 9 (RLIN) | 379 |
| 650 #0 - SUBJECT ADDED ENTRY--TOPICAL TERM | |
| Topical term or geographic name entry element | Refrigeration and refrigerating machinery. |
| 9 (RLIN) | 19031 |
| 942 ## - ADDED ENTRY ELEMENTS (KOHA) | |
| Source of classification or shelving scheme | |
| Koha item type | Book |
| Withdrawn status | Lost status | Source of classification or shelving scheme | Damaged status | Not for loan | Permanent Location | Current Location | Date acquired | Total Checkouts | Full call number | Barcode | Date last seen | Price effective from | Koha item type |
|---|---|---|---|---|---|---|---|---|---|---|---|---|---|
| Military College of Engineering (MCE) | Military College of Engineering (MCE) | 05/29/2014 | 621.57 WIL | MCE-41182 | 05/29/2014 | 05/29/2014 | Book |
